[Event "Leipzig VfB op 23rd"]
[Site "Leipzig"]
[Date "2016.03.17"]
[Round "4"]
[White "Kuenzel, Andre"]
[Black "Humburg, Philipp"]
[Result "1-0"]
[WhiteElo "1992"]
[BlackElo "2191"]
[PlyCount "59"]
[EventDate "2016.03.15"]
[EventType "swiss"]
[EventRounds "9"]
[EventCountry "GER"]
[SourceTitle "EXT 2017"]
[Source "ChessBase"]
[SourceDate "2016.10.25"]
[SourceVersion "1"]
[SourceVersionDate "2016.10.25"]
[SourceQuality "1"]

1. d4 d5 2. Nf3 c6 3. e3 e6 4. Bd3 f5 5. 0-0 Bd6 6. c4 Nf6 7. b3 Qe7 8. Bb2 0-0 9. Qc1 Na6 10. Ba3 Nb4 11. c5 Bxh2+ 12. Nxh2 Nxd3 13. Qd2 Nxf2 14. Qxf2 Ne4 15. Qe1 Qg5 16. Nc3 Bd7 17. Rf3 Rf6 18. Nxe4 dxe4 19. Qg3 Qh6 20. Rf4 g5 21. Raf1 Raf8 22. R4f2 Bc8 23. Bb2 R6f7 24. Qe5 Rd7 25. Qg3 Rff7 26. d5 Rxd5 27. Ng4 Qf8 28. Qh2 fxg4 29. Rxf7 Qxf7 30. Rxf7 1-0

[Event "Leipzig VfB op 23rd"]
[Site "Leipzig"]
[Date "2016.03.17"]
[Round "5"]
[White "Pruefer, Friedbert"]
[Black "Kuenzel, Andre"]
[Result "1/2-1/2"]
[WhiteElo "2133"]
[BlackElo "1992"]
[PlyCount "150"]
[EventDate "2016.03.15"]
[EventType "swiss"]
[EventRounds "9"]
[EventCountry "GER"]
[SourceTitle "EXT 2017"]
[Source "ChessBase"]
[SourceDate "2016.10.25"]
[SourceVersion "1"]
[SourceVersionDate "2016.10.25"]
[SourceQuality "1"]

1. d4 d6 2. e4 Nf6 3. Nc3 e5 4. Nf3 Nbd7 5. Bc4 Be7 6. 0-0 0-0 7. Re1 c6 8. a4 b6 9. Bf1 Qc7 10. Bg5 Bb7 11. Qd2 Rfe8 12. h3 a6 13. Rad1 Rac8 14. Qe3 Bd8 15. dxe5 dxe5 16. Nh4 Be7 17. Nf5 Bf8 18. Qg3 g6 19. Bh6 Bxh6 20. Nxh6+ Kf8 21. Rd2 Nc5 22. Qg5 Ng8 23. Bc4 Nxh6 24. Qxh6+ Kg8 25. b4 Ne6 26. Bxe6 Rxe6 27. Red1 Re7 28. Qg5 Rce8 29. h4 Kg7 30. b5 cxb5 31. Nd5 Bxd5 32. exd5 Qd6 33. axb5 axb5 34. h5 h6 35. Qe3 Rc8 36. hxg6 fxg6 37. Rb1 Rc5 38. Qd3 Ra7 39. g3 Ra5 40. Rb4 Ra1+ 41. Kg2 Ra5 42. Qb3 Qd7 43. d6 Ra8 44. Qf3 Rf8 45. Qe4 Rf6 46. Rd5 Re6 47. Rb1 Rxd5 48. Qxd5 Qxd6 49. Rxb5 Qxd5+ 50. Rxd5 Kf6 51. Rb5 Rc6 52. Kf3 h5 53. Ke4 Rxc2 54. Rxb6+ Kg5 55. Kf3 Kf5 56. Rb8 Rc3+ 57. Kg2 e4 58. Rf8+ Kg5 59. Re8 Rc4 60. Re5+ Kf6 61. Re8 Kf5 62. Rf8+ Kg4 63. Rf4+ Kg5 64. Kh3 Rc2 65. Rxe4 Rxf2 66. Ra4 Rf5 67. Kg2 Rc5 68. Rb4 Kf5 69. Rf4+ Ke5 70. Rf2 g5 71. Rf8 Rc2+ 72. Kh3 Ke4 73. Re8+ Kf3 74. Rf8+ Ke4 75. Re8+ Kf3 1/2-1/2